The Challenge of d and f electrons theory and computation /
Na minha lista:
| Corporate Authors: | , , , , |
|---|---|
| Outros Autores: | , |
| Formato: | Conference Proceeding Livro |
| Idioma: | inglês |
| Publicado em: |
Washington, DC
American Chemical Society
1989.
|
| Colecção: | ACS symposium series,
394 |
| Assuntos: | |
| Acesso em linha: | View in OPAC |
| Tags: |
Sem tags, seja o primeiro a adicionar uma tag!
|
MARC
| LEADER | 00000pam a2200000 a 4500 | ||
|---|---|---|---|
| 005 | 20260127133951.0 | ||
| 008 | 050414s1989 dcua b 101 0 eng | ||
| 010 | |a 89-006926 | ||
| 020 | |a 0841216282 | ||
| 035 | |a vtls001523775 | ||
| 035 | |a 3397637 | ||
| 039 | 9 | |a 200903030829 |b mschk03 |y 200504141116 |z mschk03 | |
| 040 | |a STUSCHK1 |b slo |c STUSCHK1 | ||
| 082 | 0 | 0 | |a 541.2/2 |2 20 |
| 245 | 0 | 4 | |a The Challenge of d and f electrons |b theory and computation / |c Dennis R. Salahub, editor, Michael C. Zerner, editor. |
| 260 | |a Washington, DC |b American Chemical Society |c 1989. | ||
| 300 | |a x, 405 p. |b ill. |c 24 cm. | ||
| 440 | 0 | |a ACS symposium series, |x 0065-6156 ; |v 394 | |
| 500 | |a "Developed from a symposium sponsored by the Divisions of Inorganic Chemistry and of Physical Chemistry of the American Chemical Society, and the Division of Physical and Theoretical Chemistry of the Canadian Society for Chemistry at the Third Chemical Congress of North America (195th National Meeting of the American Chemical Society), Toronto, Ontario, Canada, June 5-11, 1988." | ||
| 504 | |a Includes bibliographies and indexes. | ||
| 650 | 0 | |a Molecular orbitals |x Congresses. | |
| 650 | 0 | |a Quantum chemistry |x Congresses. | |
| 700 | 1 | |a Salahub, Dennis R., |d 1946- |9 559 | |
| 700 | 1 | |a Zerner, Michael C. | |
| 710 | 2 | |a American Chemical Society. |b Division of Inorganic Chemistry | |
| 710 | 2 | |a American Chemical Society. |b Division of Physical Chemistry | |
| 710 | 2 | |a Canadian Society for Chemistry. |b Division of Physical and Theoretical Chemistry. | |
| 710 | 2 | |a American Chemical Society. |b Meeting |n (195. : |d 1988 : |c Toronto, Ont.) | |
| 711 | 2 | |a Chemical Congress of North America |n (3. : |d 1988 : |c Toronto, Ont.) |9 682 | |
| 906 | |a 7 |b cbc |c orignew |d 1 |e ocip |f 19 |g y-gencatlg | ||
| 910 | |a SCHK95 | ||
| 919 | |a 0-8412-1628-2 | ||
| 991 | |b c-GenColl |h QD461 |i .C37 1989 |p 00038772739 |t Copy 1 |v 394 |w BOOKS | ||
| 999 | |c 1081 |d 1081 | ||